Lone fox dancing : (Record no. 152245)

MARC details
000 -LEADER
fixed length control field 00539nam a22001817a 4500
005 - DATE AND TIME OF LATEST TRANSACTION
control field 20180524140837.0
010 ## - LCCN (DPL NO)
LC control number ENG-123095
020 ## - INTERNATIONAL STANDARD BOOK NUMBER
International Standard Book Number 9789386338907
Terms of availability 599.00
035 ## - SYSTEM CONTROL NUMBER
System control number EN-106627
037 ## - SOURCE OF ACQUISITION
Source of stock number/acquisition DBAD/PUB.
082 ## - DEWEY DECIMAL CLASSIFICATION NUMBER
Classification number 883.092
100 ## - MAIN ENTRY--PERSONAL NAME
Personal name Bond, Ruskin
245 ## - TITLE STATEMENT
Title Lone fox dancing :
Statement of responsibility, etc by Ruskin Bond
Remainder of title my autobiography /
260 ## - PUBLICATION, DISTRIBUTION, ETC. (IMPRINT)
Place of publication, distribution, etc New Delhi
Name of publisher, distributor, etc Speaking Tiger
Date of publication, distribution, etc 2017
270 ## - ADDRESS
Address 4381/4, Ansari Road, Daryaganj
City New Delhi
Postal code 110002
300 ## - PHYSICAL DESCRIPTION
Extent 277p.
Other physical details 21cm(Hb)
Dimensions ill.
942 ## - ADDED ENTRY ELEMENTS (KOHA)
Source of classification or shelving scheme Dewey Decimal Classification
Item type English Books
Classification part 883.092
Call number prefix BON
Holdings
Withdrawn status Lost status Not for loan Collection code Home library Current library Date acquired Source of acquisition Cost, normal purchase price Full call number Barcode Copy number Cost, replacement price Koha item type
    Not For Loan Non-fiction D.B.Act.Division Sarojini Nagar 24/05/2018 DBAD/PUB 599.00 883.092 EN-106627 1 599.00 English Books

© Delhi Public Library
Hit Counter
free hit counter